| 000 | 00859pam a2200229 a 4500 | ||
|---|---|---|---|
| 001 | 2942944 | ||
| 005 | 20180209071704.0 | ||
| 008 | 901123s1991 enka 100 0 eng | ||
| 010 | _a 90025517 | ||
| 020 | _a0521370906 | ||
| 040 |
_aDLC _cDLC _dDLC |
||
| 041 | _aeng | ||
| 080 | _a519.54 WIL | ||
| 082 | 0 | 0 |
_a519.54 WIL _220 |
| 100 | _a52 | ||
| 101 | _aECO | ||
| 245 | 1 | 0 |
_aNonparametric and semiparametric methods in econometrics and statistics : _cedited by William A. Barnett, James Powell, George Tauchen. |
| 504 | _aIncludes bibliographical references. | ||
| 906 |
_a7 _bcbc _corignew _d1 _eocip _f19 _gy-gencatlg |
||
| 942 |
_2ddc _cBK |
||
| 999 |
_c42253 _d42253 |
||